000 00554nam a2200253Ia 4500
003 IT-RoPAU
005 20220918175825.0
008 120407s9999 xx 000 0 und d
040 _aIT-RoPAU
040 _cIT-RoPAU
041 _aita
100 _aWalter Kasper
_935985
245 _aTeologia e Chiesa. 2
250 _aBrescia
260 _aQueriniana
260 _c2001
300 _a294 p.
300 _bbrossura
300 _c23 cm
490 _aBiblioteca di Teologia contemp.
490 _v114
942 _cBK
_2ddc
999 _c31720
_d31720